000 00803nam a2200169 a 4500
008 180907s2016 ||||||||||||||||| || u
050 _aUNCTAD(08)CG/6
110 _aUnited Nations Conference on Trade and Development (UNCTAD)
245 1 0 _aCommodities at a glance: special issue on gold
_cby United Nations Conference on Trade And Development [UNCTAD]
260 _aNew York
_c2016
300 _aviii, 67 pages: illustration
650 _aGOLD PRODUCTION
650 0 _aRARE EARTH INDUSTRY--ENVIRONMENTAL ASPECTS
650 _aPRECIOUS STONES
650 _aGOLD MINING--ECONOMIC ASPECTS
995 _FCBU-MAIN LIBRARY (Kitwe)
_M1
_UAVAILABLE
_WSep 7, 2018
_XUnited Nations Conference on Trade And Development (UNCTAD)
_ZMain Library Open Access Collection
999 _c37839
_d37839